000
00257nam a22001217a 4500
020
_a
NA
082
_2
22
_a
338.4
100
_a
Sharma, Robins.
245
_a
Leadership wisdom /
260
_b
Jaico Publishing,
_c
c2005.
300
_a
0
_b
ill. ;
942
_2
ddc
_c
F
999
_c
4154
_d
4154